000 01255nam a2200289 a 4500
001 000028575
003 DO-SdBNP
005 20221128123533.0
008 110411s1969 dr 000 0 spa d
040 _aDO-SdBNP
_bspa
_cBPMSU
082 _a330.97293
_bR788f 1969
_222
100 1 _aRosa, Antonio de la,
_d1864-1924
240 1 4 _aLes finances de Saint-Domingue et le controle Américain
_lespañol
245 1 3 _aLas finanzas de Santo Domingo y el control americano /
_cAntonio de la Rosa ; edición de José Chez Checo.
260 _aSanto Domingo :
_bEditora de Santo Domingo,
_c1969
300 _a297 p. ;
_c24 cm.
500 _aIncluye reproducción facsímilar de la portada de la edición: París: A. Pedone, Editeur, 1915.
534 _pPublicado originamente en francés:
_tLes finances de Saint-Domingue et le controle AmericainA. Pedone.
_cParís: A. Pedone Editeur, 1915.
590 _aInventariado. 2022/VM
650 4 _aFinanzas públicas
650 4 _aInversiones estadounidenses
_zRepública Dominicana
651 4 _aRepública Dominicana
_xCondiciones económicas
_ySiglo XIX
651 4 _aRepública Dominicana
_xCondiciones sociales
_ySiglo XIX
700 z _aCheco, José Chez, 1949-
910 _aVMateo V./Validado
942 _2ddc
_cBK
999 _c14352
_d14352